01199nam a22002777a 450000500170000001000130001702000230003003500130005303700160006604000120008208200230009410000370011724500870015424600470024126000760028827000580036430000180042265000530044065000470049365000300054065000290057094200320059999900190063195201330065095201380078320170123164152.0 aB-071383 a8178830833c100.00 aB-071383 bCen Lib/Ret aDPLbPN aਕbਸ਼ਰਨ  aਸ਼ਰਨ ਮੱਕੜ 92233 aਇਕ ਵਾਰ ਫਿਰ :cਸ਼ਰਨ ਮੱਕੜ bਕਹਾਣੀਆਂ / aIk war phir : stories /bby Sharan Makkar  aਲੁਧਿਆਣਾ bਚੇਤਨਾ ਪ੍ਰਕਾਸ਼ਨ c2002 aਪੰਜਾਬੀ ਭਵਨ bਲੁਧਿਆਣਾ  a128p ; c20cm aਪੰਜਾਬੀ ਕਹਾਣੀਆਂ9127391 aਪੰਜਾਬੀ ਸਾਹਿਤ9127392 aPunjabi - literature9781 aPunjabi -- story9127393 2ddccPNhਕmਸ਼ਰਨ  c110454d110454 00104070aLbLd2016-01-22eCen Lib/Retg100.00l0oਕ ਸ਼ਰਨpB-071383r2016-01-22 00:00:00t1v100.00w2016-01-22yPN 00102ddc4070aBL1bBL1d2019-03-02g100.00l1oਕ ਸ਼ਰਨpb-071384r2019-04-27 00:00:00s2019-04-17v100.00w2019-03-02yPN